| 000 | 02165cam a22004574i 4500 | ||
|---|---|---|---|
| 003 | PE-LiUPU | ||
| 005 | 20250731165527.0 | ||
| 008 | 150623s r 000 0 d | ||
| 035 | _a(Sirsi) a29062 | ||
| 035 | _a(Sirsi) a29062 | ||
| 040 |
_aPE-LiUPU _bspa _cPE-LiUPU _erda |
||
| 082 | 0 | 4 |
_a284.2 _bC18 _221 |
| 100 | 1 |
_aCalvino, Juan, _eautor. |
|
| 245 | 1 | 0 |
_aInstitución de la religión cristiana / _cJuan Calvino. |
| 264 | 1 |
_aBuenos Aires, Argentina : _bLibrería "La Aurora", _c1936. |
|
| 300 |
_a377 páginas ; _c23 cm. |
||
| 336 |
_atext _2rdacontent |
||
| 337 |
_aunmediated _2rdamedia |
||
| 338 |
_avolume _2rdacarrier |
||
| 505 | 0 | _aTexto y notas de la edición. - Nota del traductor. -Portada de la primera versión española. - Prefacio de Cipriano de Valera. (A todos los fieles de la nación española). -Carta dedicatoria de Juan Calvino al rey Francisco I de Francia. -De la ley de la cual contiene la explicación del decálogo. -De la fe, donde se explica el llamado símbolo de los apóstoles. -De la oración, donde se expone la oración dominical. De los sacramentos. -Se declara que no son sacramentos los cinco restantes que, hasta ahora, han sido tenidos por el vulgo como tales:se dice despues cuáles sean. De la libertad cristiana, de la potestad eclesiástica y de la administración politíca. | |
| 526 | _aSEG44 | ||
| 526 | _aSEG26 | ||
| 526 | _aP151 | ||
| 526 | _aP150 | ||
| 526 | _aP149 | ||
| 526 | _aP146 | ||
| 526 | _aP145 | ||
| 526 | _aP126 | ||
| 526 | _aP125 | ||
| 526 | _aP92 | ||
| 526 | _aP75 | ||
| 526 | _aP74 | ||
| 526 | _aP27 | ||
| 526 | _aP15 | ||
| 942 |
_2ddc _cBOOK |
||
| 949 |
_aRC 284.2 C18 _wDEWEY _c1 _i12841 _lRC _mBUL _r0 _sY _tBOOK _u2015-6-24 _xBIBLIOTECA _zUNKNOWN _0COMPRA _o.CIRCNOTE. No olvidar cambiar la fecha de devolución!!!!!!! _o.STAFF. Colección General |
||
| 994 |
_aC0 _bPEPRU |
||
| 596 | _a1 | ||
| 999 |
_aRC 284.2 C18 _wDEWEY _c36379 _i12841 _f2021-11-8 _g6 _lCCODEBUL1 _mBUL _r1 _sY _tBOOK _u2015-6-24 _xTEOLOGIA _zUNKNOWN _0COMPRA _o.CIRCNOTE. No olvidar cambiar la fecha de devolución!!!!!!! _o.STAFF. Colección General _d36379 |
||
| 980 |
_81 _gALBERTO SANCHEZ Responsable de Automatización |
||